000 00436nam a2200169 a 4500
001 8969
003 CO-ViMGA
008 141112s2004 ck r 000 u spa d
040 _aCO-ViMGA
_bspa
_cCO-ViMGA
082 0 4 _aLALm
100 1 _aLalana, Fernado; Almárceui, Jose Ma.
_99185
245 1 0 _aMi amigo Fernández
260 _aBogotá.Educar cultural.1999
300 _a141.p.
650 1 4 _aCUENTOS INFANTILES
_92743
942 _2ddc
_cBK
999 _c20551
_d20551